| 000 | 00650nam a22002177a 4500 | ||
|---|---|---|---|
| 003 | OSt | ||
| 005 | 20260313011400.0 | ||
| 008 | 260313b |||||||| |||| 00| 0 eng d | ||
| 020 | _a0-669-33341-7. | ||
| 040 |
_aDWCL Main lib _cOC |
||
| 082 | _aCirc. 512 L335a 1993 | ||
| 100 | _aLarson, Roland E. | ||
| 245 |
_aAlgebra and trigonometry : _ba graphing approach _cRoland E. Larson |
||
| 260 |
_aMass. : _bD. C. Heath and Company, _cc1993. |
||
| 300 |
_avarious paging : _bill. ; _c24 cm. |
||
| 650 | _a1. Algebra. | ||
| 650 | _a2. Trigonometry. | ||
| 700 | _aRobert P. Hostetler | ||
| 700 | _aBruce H. Edwards | ||
| 942 |
_2ddc _cBK-CIRC _kCirc. _n0 |
||
| 999 |
_c9081 _d9081 |
||